000 00710cab a2200229 4500
001 WB3422-26
008 090401t1998 xxu||||| |||| 00| 0 eng d
035 _a(Sirsi) u86787
041 _aeng
245 _aWood-fuelled pwoer plant
260 _c1998
350 _a0
490 _aYorkshire Post
_v12 June 1998, 21(1)
520 _aYorkshire Water have announced that they are to build Europe`s first commercial wood fuelled power plant at Eggborough near Selby.
650 _aALTERNATIVE ENERGY SOURCES
650 _aPOWER STATION
650 _aWOOD FUELLED POWER PLANTS
650 _aYORKSHIRE WATER
690 _aENVIRONMENTAL AND LAND CONSULTANCY-ENERGY
942 _n0
948 _c12/06/1998
999 _c54657
_d54657